Most Populated Countries in 2100 if Rates Stay Fixed - Statistics

General Stats
  • This quiz has been taken 22 times
  • The average score is 19 of 25
Answer Stats
Population Country % Correct
1.31 B China
100%
2.6 B India
100%
495.2 M Niger
100%
1.7 B Nigeria
100%
882.4 M Ethiopia
94%
511.3 M Indonesia
94%
592.5 M United States
94%
356.9 M Bangladesh
88%
346.2 M Brazil
88%
386.4 M Egypt
88%
1.11 B Pakistan
88%
234,2 M Mexico
82%
1.31 B Democratic Republic of the Congo
71%
227.5 M Iraq
71%
603.8 M Tanzania
71%
628.7 M Uganda
71%
294 M Kenya
65%
248.1 M Mali
59%
387.3 M Sudan
59%
254 M Afghanistan
53%
536.6 M Angola
53%
253.7 M Cameroon
53%
402,9 M Philippines
53%
462.5 M South Sudan
53%
265 M Mozambique
47%
No matching quizzes found
Score Distribution
Percent of People with Each Score
Percentile by Number Answered
Your Score History
You have not taken this quiz